000 00954nam a22002297a 4500
999 _c530
_d530
003 AR-CdUCM
008 190225b ||||| |||| 00| 0 spa d
040 _aMUNICIPALIDAD PROVINCIAL DEL CUSCO
_cBIBLIOTECA MUNICIPAL DEL CUSCO
082 _a921.7 /
_bSA17
100 _aSalas Rodríguez, J. W.
_92072
245 _aLenin y la educación /
260 _a[Cusco :
_c1970]
300 _a22 páginas ;
_c19.3 cm.
500 _aDonación de la familia Nieto.
505 _aSíntesis de la charla sustentada en el salón de grados de la Universidad Nacional de San Antonio Abad del Cusco, el 27 de abril de 1970, como parte de los festejos conmemorando el primer centenario del nacimiento del gran estratega y conductor de la revolución Bolchevique: V. I. Lenin.
650 _aLenin
_92073
650 _aBiografía
_922
650 _aRevolución Bolchevique
_92074
650 _aMarxismo-lenismo
_92075
942 _2ddc
_cLIBROS
945 _alccs
_d2019-02-25